Quizzes
Events
Quiz Creation
Community
Videos
Private Events
Remove Ads
Sign In
Join for FREE
Feedback
Dark Mode
Quiz Categories
Sports
Geography
Music
Movies
Television
Just For Fun
Miscellaneous
History
Literature
Language
Science
Gaming
Entertainment
Religion
Holiday
For Kids
Quiz Lab
Recent
Popular Today
Quiz Kudos Today
Editor Picks
Curator Picks
Quizzes by...
Day
Popularity
Type
Ratings
Length
Year
Community
Subscriptions
Recent Discussions
Orange Saloon
Badges
Playlists
Quests
Create
Leaderboards
Showdown
Live 5
Trivia Bingo
Activity
Puzzle Library
Sporcle Events
Private Events
Virtual Trivia
Globe League
Become a Host
Pub Owners
SporcleCon
Opinionation
Our Games
Videos
Blog
Mobile Apps
Partnerships
Remove Ads and Go Orange
Feedback
Miscellaneous
Crossword
General Knowledge
Baby Names
Logo
Food
Cars
Numbers
Grab Bag
University
College
Popular
Company
Slogans
Restaurants
Justice
Letter
Miscellaneous
Crossword
General Knowledge
Baby Names
Logo
Food
Cars
Numbers
Grab Bag
University
College
Popular
Company
Slogans
Restaurants
Justice
Letter
Random Quiz
Search Sporcle
×
Quiz Lab
Quiz Lab
Miscellaneous
economics
Type in answers that appear in a list
Type in answers that appear in a list
Classic
Best Score? Go Orange.
Economics Acronyms Stats
Can you name the Economics Acronyms?
By
theneedledrop
5m
16 Questions
144 Plays
144 Plays
144 Plays
Comments
Comments
Give Quiz Kudos
Give Quiz Kudos
-
- Ratings
hide this ad
Replay
Link that replays current quiz
Next Quiz
Link to next quiz in quiz playlist
You Got
0%
They Got
Avg Score
33%
Avg Friend Score
Upgrade to see
Score Distribution
Jump to the score distribution portion of the page
Score
0/16
Timer
05:00
0
Plays Today
Acronyms
What they stand for
% Correct
VAT
Value Added Tax
81.9%
CPI
Consumer Price Index
79.2%
BRIC
Brazil Russia India China
61.8%
NAFTA
North American Free Trade Agreement
54.2%
PPP
Purchasing Power Parity
54.2%
FDI
Foreign Direct Investment
53.5%
ECB
European Central Bank
46.5%
MPC
Monetary Policy Committee
27.8%
Acronyms
What they stand for
% Correct
CAP
Common Agricultural Policy
26.4%
QE
Quantative Easing
20.1%
ASEAN
Association of South-East Asian Nations
17.4%
EMU
Economic and Monetary Union
7.6%
EER
Effective Exchange Rate
4.2%
FSGP
Fiscal Stability and Growth Pact
0.7%
CIVETS
Colombia Indonesia Vietnam Egypt Turkey South Africa
0.7%
ETS
Emissions Trading Scheme
0%
Quiz Playlist
Details
Report
Send in Message
Add To Playlist
Classic:
Type in answers that appear in a list
Last Updated: Feb 16, 2017
Quiz Scoreboard
CHALLENGE
Sign Up to Join the Scoreboard
Show All
Scores
Hide
Comments
May contain spoilers
Recently Published
An Introduction to Baseball
by treessimontrees
Sports
5m
Movies - When Are They Set?
by FPL_Elf
Movies
5m
Popular People in 1961
by mucciniale
History
6m
More to Explore
Quiz From the Vault
Featured Blog Post
Where Did the Easter Bunny Come From?
hide this ad
You Might Also Like...
Tags
Acronym
economics
stand
Today's Top Quizzes in Miscellaneous
Browse Miscellaneous
hide this ad
Today's Top Quizzes in economics
Browse economics
Top Contributed Quizzes in Miscellaneous
1
5-to-1: Fast Food
2
The JOE quick-fire general knowledge quiz: Day 173
3
The JOE quick-fire general knowledge quiz: Day 172
4
Sunday Crossword: Famous Bodies of Water
5
The JOE quick-fire general knowledge quiz: Day 171
6
One Thing in Common: United Kingdom II
7
Named After an Animal - Odd One Out!
8
The JOE quick-fire quiz: Day 170
9
sort kpop groups by number of members
10
Sunday Crossword: Themeless #5
Explore More
Trending Topics
Kpop
Harry Potter
Crossword
NBA
Disney
Anime
Marvel
Soccer
Country
Song
WWE
Puzzle
NFL
Pokémon
The Office
hide this ad
More By:
theneedledrop
Quiz
Plays
Rating
Category
Featured
Created
Economics Acronyms
144
2.00
Miscellaneous
May 13, 2011
Alternative Rap Lyrics
31
3.50
Music
Jan 18, 2011
Go to Creator's Profile
Score Distribution
Quiz Creator Spotlight
theneedledrop
Follow
Send a Message
Quizzes Created
-
Created Quiz Play Count
-
More By This Creator
Popular Quizzes Today
1
Find the Countries of Europe - No Outlines Minefield
2
Find the US States - No Outlines Minefield
3
The Countries of the World
4
Popular People in 1961
5
US States
6
1-10 Letter E Words III
7
Find the US States
8
One Thing in Common: World Cities II
More Miscellaneous Quizzes
Classic American Food
Published
Trending Quizzes
Risky Map Clicking: Least Populous States A-Z
1-10 Letter F Words
1-10 Letter G Words
One Thing in Common: United Kingdom
Risky Map Clicking: Next State Alphabetically
Recently Updated
Leaping Animals
pecheneg
Reality TV Shows (A-Z)
bhenderson79
Rickey Henderson's Hall of Fame Teammates
pecheneg
Champions League XIs: Arsenal
pecheneg
Quick Pick: Celebrities in WWE's Hall of Fame
aduchscher
A-Z Keypad Blitz II
pecheneg
Multiple Oscar Actors
pecheneg
Mystery Phrase Blitz: Oscar 'Best Actors'
pecheneg
F. Scott Fitzgerald Novels
LTH
Pick 3 Villains
ddd62291
Trending Topics
Crossword
Kpop
Harry Potter
Anime
Disney
Marvel
NBA
Soccer
Pokémon
Country
WWE
The Office
Song
NFL
Puzzle
Your Account Isn't Verified!
In order to create a playlist on Sporcle, you need to verify the email address you used during registration. Go to your
Sporcle Settings
to finish the process.
Report this User
Report this user for behavior that violates our
Community Guidelines
.
Details:
Send Report
Go to the Sporcle.com Mobile Site →
Comments